Chân dung các nhà văn Việt Nam hiện đại. t.I : Dùng trong nhà trường /
में बचाया:
| अन्य लेखक: | , , , , |
|---|---|
| स्वरूप: | Sách giấy |
| भाषा: | Vietnamese |
| प्रकाशित: |
H. :
Giáo dục,
2005
|
| विषय: | |
| टैग : |
टैग जोड़ें
कोई टैग नहीं, इस रिकॉर्ड को टैग करने वाले पहले व्यक्ति बनें!
|
| Thư viện lưu trữ: | Thư viện Trường Đại học Đà Lạt |
|---|
| LEADER | 00967nam a2200361 4500 | ||
|---|---|---|---|
| 001 | DLU060052535 | ||
| 005 | ##20060420 | ||
| 040 | # | # | |a DLU |b vie |
| 041 | # | # | |a vie |
| 044 | # | # | |a vn |
| 082 | # | # | |a 895.922 092 |b Cha |
| 245 | # | # | |a Chân dung các nhà văn Việt Nam hiện đại. |n t.I : Dùng trong nhà trường / |c Nguyễn Đăng Điệp, ... [và những người khác] |
| 260 | # | # | |a H. : |b Giáo dục, |c 2005 |
| 300 | # | # | |a 376 tr. ; |c 21 cm |
| 653 | # | # | |a Chân dung văn học |
| 653 | # | # | |a Giai đoạn 1930 - 1945 |
| 653 | # | # | |a Nhà văn Việt Nam |
| 700 | # | # | |a Chu Văn Sơn |
| 700 | # | # | |a Lê Quang Hưng |
| 700 | # | # | |a Nguyễn Đăng Điệp |
| 700 | # | # | |a Nguyễn Phượng |
| 700 | # | # | |a Văn Giá |
| 923 | # | # | |a 03/2006 |
| 990 | # | # | |a t.I |
| 992 | # | # | |a 28.900 |
| 994 | # | # | |a DLU |
| 900 | # | # | |a True |
| 911 | # | # | |a Đào Thị Thu Huyền |
| 925 | # | # | |a G |
| 926 | # | # | |a A |
| 927 | # | # | |a SH |
| 980 | # | # | |a Thư viện Trường Đại học Đà Lạt |